| 000 | 00614nam a2200205 i 4500 | ||
|---|---|---|---|
| 001 | bgj | ||
| 100 | 1 | _aDZIERŻAWSKA, Ewa | |
| 245 | 1 | 0 |
_aBingo! : _bksiążka dla nauczyciela : część 6 / _cEwa Dzierżawska ; Małgorzata Samsonowicz. |
| 260 |
_aWarszawa : _bWydawnictwo Szkolne PWN, _c2000. |
||
| 300 |
_a132 pp : _bill. ; _c29 cm. |
||
| 650 | 9 | _aEnglish language | |
| 655 | _aTextbooks for foreigners | ||
| 700 | 1 |
_aSAMSONOWICZ, Małgorzata. _eco-author |
|
| 020 | _a8371953054 | ||
| 040 | _cBPK | ||
| 041 | 0 | _aeng | |
| 920 | _a83-7195-305-4 | ||
| 942 | _cKS | ||
| 008 | s uk f |000 0 eng | ||
| 999 |
_c48932 _d48932 |
||
| 856 |
_uhttp://koha.tu.koszalin.pl/cgi-bin/koha/opac-detail.pl?biblionumber=48932 _yKatalog online BPK |
||